Computer organization and architecture designing for performance. / (Record no. 1815)

MARC details
000 -LEADER
fixed length control field 01403nam a22001937a 4500
008 - FIXED-LENGTH DATA ELEMENTS--GENERAL INFORMATION
fixed length control field 120724t xxu||||| |||| 00| 0 eng d
020 ## - INTERNATIONAL STANDARD BOOK NUMBER
International Standard Book Number 9780135064177
020 ## - INTERNATIONAL STANDARD BOOK NUMBER
International Standard Book Number 0135064171
050 ## - LIBRARY OF CONGRESS CALL NUMBER
Classification number QA76.9.C643.S73
100 ## - MAIN ENTRY--PERSONAL NAME
Personal name Stallings, William.
245 ## - TITLE STATEMENT
Title Computer organization and architecture designing for performance. /
Statement of responsibility, etc. William Stallings.
250 ## - EDITION STATEMENT
Edition statement 8th ed.
260 ## - PUBLICATION, DISTRIBUTION, ETC.
Place of publication, distribution, etc. Boston:
Name of publisher, distributor, etc. Pearson,
Date of publication, distribution, etc. 2010.
300 ## - PHYSICAL DESCRIPTION
Extent 792 p:
Other physical details ill.;
Dimensions 24cm
500 ## - GENERAL NOTE
General note Includes index.
505 ## - FORMATTED CONTENTS NOTE
Formatted contents note Overview: Introduction -- Computer evolution and performance -- The Computer system: A Top- level view of computer function and interconnection -- Cache memory -- Internal memory technology -- External memory -- Input/ output -- Operating system support -- The Central processing unit: Computer arithmetic -- Instruction sets: charaterisitcs and functions -- Instructon sets addressing modes and formats -- Processor structure and function -- Reduced instruction set computers (RISCs) -- Instruction- level parallelsim and superscalar processors -- Control unit operation -- Microprogrammed control -- Parallel organization: Parallel processing -- Multicore computers -- Appendix A: Projects for teaching computer organization and architecture -- Assembly language and related topics -- Online chapters: Number systems -- Digital logic -- The IA- 64 Architrecture.
650 ## - SUBJECT ADDED ENTRY--TOPICAL TERM
Topical term or geographic name entry element Architecture.
942 ## - ADDED ENTRY ELEMENTS (KOHA)
Source of classification or shelving scheme Library of Congress Classification
Koha item type Books
Holdings
Withdrawn status Lost status Source of classification or shelving scheme Damaged status Not for loan Home library Current library Shelving location Date acquired Total Checkouts Full call number Barcode Date last seen Copy number Price effective from Koha item type
    Library of Congress Classification     WISCONSIN INTERNATIONAL UNIVERSITY COLLEGE, GHANA - MAIN LIBRARY WISCONSIN INTERNATIONAL UNIVERSITY COLLEGE, GHANA - MAIN LIBRARY General Stacks 24/07/2012   QA76.9.C643.S73 5272/12 24/07/2012 1 24/07/2012 Books
    Library of Congress Classification     WISCONSIN INTERNATIONAL UNIVERSITY COLLEGE, GHANA - MAIN LIBRARY WISCONSIN INTERNATIONAL UNIVERSITY COLLEGE, GHANA - MAIN LIBRARY General Stacks 24/07/2012   QA76.9.C643.S731 5273/12 24/07/2012 2 24/07/2012 Books
    Library of Congress Classification     WISCONSIN INTERNATIONAL UNIVERSITY COLLEGE, GHANA - MAIN LIBRARY WISCONSIN INTERNATIONAL UNIVERSITY COLLEGE, GHANA - MAIN LIBRARY General Stacks 24/07/2012   QA76.9.C643.S732 5274/12 24/07/2012 3 24/07/2012 Books
    Library of Congress Classification     WISCONSIN INTERNATIONAL UNIVERSITY COLLEGE, GHANA - MAIN LIBRARY WISCONSIN INTERNATIONAL UNIVERSITY COLLEGE, GHANA - MAIN LIBRARY General Stacks 24/07/2012   QA76.9.C643.S733 5275/12 24/07/2012 4 24/07/2012 Books
    Library of Congress Classification     WISCONSIN INTERNATIONAL UNIVERSITY COLLEGE, GHANA - MAIN LIBRARY WISCONSIN INTERNATIONAL UNIVERSITY COLLEGE, GHANA - MAIN LIBRARY General Stacks 24/07/2012   QA76.9.C643.S734 5276/12 24/07/2012 5 24/07/2012 Books

If you have any concerns or questions; kindly contact the library


© Powered by WIUC ICT DIRECTORATE